000 01232nam a2200337 c 4500
003 BLK
005 20180421000606.0
008 180411b bul|||||r ||||||| ||bul||
010 _aKNG00198751000
040 _aBLK
041 _aBUL
_cBUL
080 _aГеография на България
_b913(497.2)
_x(497.2:24)
_z913(497.2)(497.2:24)
100 1 _aСпасов, Атанас Н.
_eпърви автор
_9344933
139 _aСпасов, Атанас Н.
_bС 55
245 1 0 _aБисерна [пещера в Шуменски окр.]
_bТурист. маршрут
_cАтанас Н. Спасов.
257 _aBGR
260 София
_bМедицина и физкултура
_c1986
_fПловдив : Д. Благоев
300 _a31 с.
_bс ил., сх.
_c17 см
380 _a91
490 1 _aМалка туристическа библиотека
_v3
500 _a4 558 тир.
650 4 _aПещери - България
_9166231
651 4 _aБългария
_9241624
653 _aпещери
653 _aБългария
852 _aЦб І 22598
856 4 _qpdf
_u
856 4 _qpdf
_u
942 _cKNG
_n0
944 _aCR
_c23.12.2016
_kЕлиз_Шакирова
944 _aED
_c23.12.2016
_kЕлиз_Шакирова
999 _c189705
_d189705